| 000 -LEADER |
| fixed length control field |
00624nam a22002177a 4500 |
| 008 - FIXED-LENGTH DATA ELEMENTS--GENERAL INFORMATION |
| fixed length control field |
131112b xxu||||| |||| 00| 0 eng d |
| 020 ## - INTERNATIONAL STANDARD BOOK NUMBER |
| International Standard Book Number |
1841742104 |
| 041 0# - LANGUAGE CODE |
| Language code of text/sound track or separate title |
eng |
| 080 ## - UNIVERSAL DECIMAL CLASSIFICATION NUMBER |
| Universal Decimal Classification number |
339 |
| Common auxiliary subdivision |
(420+4) |
| -- |
(094.9) |
| 245 10 - TITLE STATEMENT |
| Title |
Statutes on family law : |
| Statement of responsibility, etc |
Mika Oldham edt. |
| 250 ## - |
| -- |
10th edition |
| 260 ## - |
| -- |
Blacksonte Press ; |
| -- |
2001. |
| -- |
United Kingdom : |
| 300 ## - |
| -- |
492 f. : |
| -- |
22 cm. |
| 490 ## - |
| -- |
Blackstone's statutes |
| 500 ## - |
| -- |
Preface : f.[VII] |
| 505 ## - |
| -- |
Includes index |
| 650 ## - |
| -- |
E drejta familjare |
| -- |
Statute |
| 650 ## - |
| -- |
E drejta ndërkombëtare |
| 700 1# - |
| -- |
Mika, Oldham |
| 942 ## - ADDED ENTRY ELEMENTS (KOHA) |
| Source of classification or shelving scheme |
|
| Item type |
Books |